000 00975cam a2200301 i 4500
001 13392511
003 EG-ScBUE
005 20240312091137.0
008 031103s2003 enka f b 001 0 eng d
020 _a0192803433
020 _a9780192803436
040 _aXLM
_beng
_erda
_cXLM
_dDLC
_dEG-ScBUE
082 0 4 _222
_a930
_bGOS
100 1 _aGosden, Chris,
_d1955-
_eauthor.
245 1 0 _aPrehistory :
_ba very short introduction /
_cChris Gosden.
264 1 _aOxford ;
_aNew York :
_bOxford University Press,
_c2003.
300 _a131 pages :
_billustrations ;
_c18 cm.
336 _2rdacontent
_atext
_btxt
337 _aunmediated
_2rdamedia
_bn
338 _avolume
_bnc
_2rdacarrier
490 0 _aVery short introductions ;
_v96
504 _aIncludes bibliographical references and index.
650 7 _aHistory, Ancient.
_2BUEsh
_99373
650 7 _aCivilization, Ancient.
_2BUEsh
_91625
653 _bHHUUPPSS
_cApril2017
655 _vReading book
942 _2ddc
_cBB
999 _c24729
_d24701